000 00853 a2200253 4500
999 _c934
_d934
020 _a1592210783 (pbk.)
020 _a1592210775 (hardcover)
050 0 0 _aE185. AFR2004
100 _aGordon Jacob
245 0 4 _aThe African presence in Black America /
_cedited by Jacob U. Gordon.
264 _aTrenton:
_bAfrica World press.,
_c2004
300 _axi, 409 p. :
_bill. ;
500 _aIncludes index
504 _aIncludes bibliographical references.
650 0 _aAfrican Americans
_xHistory.
650 0 _aAfrican Americans
_xSocial life and customs.
650 0 _aAfrican Americans
_xIntellectual life.
650 0 _aAfrican diaspora.
651 0 _aUnited States
651 0 _aAfrica
700 1 _aGordon, Jacob U.
942 _2lcc
_cBK
_h185
_iAFR
_kE